Normal view
MARC view
Entry Topical Term
001 - CONTROL NUMBER
- control field: 47615
003 - CONTROL NUMBER IDENTIFIER
- control field: OSt
005 - DATE AND TIME OF LATEST TRANSACTION
- control field: 20240913102625.0
008 - FIXED-LENGTH DATA ELEMENTS
- fixed length control field: 240913|| aca||aabn | a|a d
040 ## - CATALOGING SOURCE
- Original cataloging agency: OSt
- Transcribing agency: OSt
150 ## - HEADING--TOPICAL TERM
- Topical term or geographic name entry element: Decentralisation, Peoples planning, Non-governmental organisation, Kerala Sastra Sahitya Parishad, 73rd and 74th constitutional amendments.
670 ## - SOURCE DATA FOUND
- Source citation: Work cat.: (OSt): Suresh, K. 47614, NGOS and democratic decentralisation in Kerala: The role of Kerala Sastra Sahitya Parishad (KSSP)
